Statistics for Last Super Bowl Championship

Click here to take the quiz!

General Stats

  • This quiz has been taken 144 times
    (42 since last reset)
  • The average score is 17 of 32

Answer Stats

TeamSuper Bowl% Correct
Arizona CardinalsNever
97%
Atlanta FalconsNever
97%
Buffalo BillsNever
77%
Carolina PanthersNever
77%
Cincinnati BengalsNever
58%
Cleveland BrownsNever
58%
Kansas City ChiefsLVII
55%
Houston TexansNever
55%
Tennessee TitansNever
55%
Minnesota VikingsNever
55%
Los Angeles ChargersNever
55%
Jacksonville JaguarsNever
55%
Detroit LionsNever
55%
Los Angeles RamsLVI
52%
Baltimore RavensXLVII
52%
Denver Broncos50
48%
New York JetsIII
48%
Philadelphia EaglesLII
48%
New England PatriotsLIII
48%
Indianapolis ColtsXLI
48%
Pittsburgh SteelersXLIII
48%
New Orleans SaintsXLIV
48%
Green Bay PackersXLV
48%
New York GiantsXLVI
48%
Chicago BearsXX
48%
Dallas CowboysXXX
48%
Tampa Bay BuccaneersLV
45%
Miami DolphinsVIII
45%
Seattle SeahawksXLVIII
45%
Las Vegas RaidersXVIII
45%
San Francisco 49ersXXIX
42%
Washington CommandersXXVI
42%

Score Distribution

Percentile by Number Answered

Percent of People with Each Score

Your Score History

You have not taken this quiz since the last reset